000
002750000a22000970004500
100
1
_a
Winter, Ralph D.
245
1
0
_a
Evaluating goals for mission training
300
_a
Vol. 11, Núm 1 (1994), Páginas 17-23
773
0
_t
International Journal of Frontier Misions
942
_c
ANA
999
_c
55407
_d
55407